01627nam a22002774a 4500001000400000003000800004005001700012008004100029020001500070040000800085041001300093082001700106100002700123240004600150245008100196260003600277300001300313520090700326650001901233650001301252650001001265655001201275655001501287700002701302830002001329492BR-RjBN20260129132901.0260128s2000 rjb j 000 0 por d a853251166X bpor1 aporheng04a028.5bR884h aRowling, J. K.,d1965-00aHarry Potter and the philosopher's stone.10aHarry Potter e a câmara secreta /cJ. K. Rowling ; tradução: Lia Wyler aRio de Janeiro :bRocco,c2000. a252 p. ; aOs Dursley estavam tão anti-sociais naquele verão, que tudo o que Harry queria era voltar às aulas da Escola de Bruxarias de Hogwarts. No entanto, quando já terminava de fazer suas malas, Harry recebe um aviso de um estranho chamado Dobby, que diz que um desastre acontecerá caso Potter decida voltar à Hogwarts. Harry não liga para aquela mensagem e o desastre realmente acontece. Naquele segundo ano estudando em Hogwarts, novos horrores surgem para atormentar Harry, incluindo o novo professor Gilderoy Lockhart e um espírito chamado Moaning Myrtle, que assombra o banheiro feminino, além de olhares indesejados da irmã mais nova de Ron Weasley, Ginny. Todos esses problemas, no entanto, parecem menores quando o verdadeiro problema começa e algo transforma os alunos de Hogwarts em pedra. Dentre os suspeitos: o próprio Harry. Descubra o fim desta aventura emocionante.  0aInfantojuvenil 0aFantasia 0aMagia aRomance aFicção aWyler, Lia,d1934-2018 aHarry Potter #2